000 00335nam a2200109Ia 4500
008 200619s9999 xx 000 0 und d
082 _a323CHA
100 _aChakravarthy Manu N.
245 0 _aConflating Demography & Theory : Emerging trends in Feminist Studies
942 _cIR
999 _c119931
_d119931